Carregant...
Samkaaleen patrakaarita: moolyankan aur mudde /
| Format: | Printed Book |
|---|---|
| Idioma: | Hindi |
| Publicat: |
New Delhi:
Vani Prakasan,
1994.
|
| Matèries: |
| LEADER | 00543cam a2200181ua 4500 | ||
|---|---|---|---|
| 008 | 060815t1994||||||||||| 00 ||hin c | ||
| 041 | 0 | |a hin | |
| 082 | |a H070.172 |b SAM | ||
| 245 | 0 | 0 | |a Samkaaleen patrakaarita: moolyankan aur mudde / |
| 260 | |a New Delhi: |b Vani Prakasan, |c 1994. | ||
| 300 | |a 200p.. | ||
| 362 | 1 | |a 1994. | |
| 365 | |a Rs. 150/. |e hb | ||
| 504 | |a . | ||
| 650 | 0 | |a Journalism | |
| 942 | |c BK | ||
| 999 | |c 6355 |d 6355 | ||
| 952 | |0 0 |1 0 |4 0 |6 H_070_172000000000000_SA |7 0 |9 6680 |a KUCL |b KUCL |d 2014-05-23 |l 0 |o H070.172 SA |p 11541 |r 2014-05-23 |w 2014-05-23 |y BK | ||